Revista de derecho laboral 2013 - 1 : ley de riesgos del trabajo - IV /

Guardado en:
Formato: Libro
Idioma:Spanish
Publicado: Santa Fe : Rubinzal - Culzoni, 2013.
Edición:1a. ed.
Materias:
Etiquetas: Agregar Etiqueta
Sin Etiquetas, Sea el primero en etiquetar este registro!
LEADER 00521nam a22001575a 4500
001 DER.der013961
008 190904s2013####ag#||||||||||||||#||spa||
005 20250530155852.0
245 1 0 |a Revista de derecho laboral 2013 - 1 :  |b ley de riesgos del trabajo - IV /  |c dirigido por Mario E. Ackerman. 
250 |a 1a. ed. 
260 |a Santa Fe :  |b Rubinzal - Culzoni,  |c 2013. 
300 |a 591 p. 
020 |a 9789873003776 
100 1 |a Ackerman, Mario E.,  |e dir. 
650 7 |a DERECHO LABORAL 
859 |a DERECHO  |b BIB. DERECHO  |h 344.01  |i REV  |p 009154